Films de Darren Aronofsky - Statistiques

Statistiques générales
  • Ce quiz a été pris 27 fois
  • Le résultat moyen est 6 sur 8
Statistiques - réponses
Année Réponse % Correct
2010 Black Swan
91%
2000 Requiem for a Dream
91%
2017 Mother!
78%
1998 Pi
70%
2023 The Whale
70%
2014 Noé
61%
2008 The Wrestler
61%
2006 The Fountain
57%
Aucun quiz correspondant
Distribution des résultats
% des personnes avec chaque résultat
Percentile par nombre de réponses
Votre historique - résultats
Vous n’avez pas pris ce quiz